000 00582nam a2200193Ia 4500
003 IN-BaIIA
008 211028s9999 xx 000 0 eng d
040 _cIIA Library
080 _a537
_bPAN
100 _aPanofsky, Wolfgan K. H
_933885
245 0 _aClassical electricty and magnetism
_cWolfgan K. H Panofsky and Melba Phillips
250 _a2nd ed.
260 _aMassachusetts
_bAddison-Wesley
_c1964
300 _axii, 399p.
650 _aElectricty
_933886
650 _aMagnetism
_956
700 _aPhillips, Melba
_94170
942 _cBK
999 _c17842
_d17842